Statystyki dla Zawodnicy Hype MMA

Kliknij tutaj aby rozwiązać quiz!

Ogólne statystyki

  • Ten quiz został rozwiązany 16 razy
  • Średni wynik to 7 z 14

Statystyki odpowiedzi

Zawodnik% Poprawnych
Marcin "Rafonix" Krasucki
100%
Mariusz "Hejter" Słoński
94%
Adam "Adix" Woźnicki
69%
Paweł "Pavlloo" Szwed
63%
Patryk "Taksi ZRT" Malinowski
56%
Jakub "Kuba Trenuje" Droździciel
50%
Mateusz "Zakrzew" Zakrzewski
50%
Władysław "Władek" Zijajew
50%
Jakub "Bary" Barczyk
38%
Norbert "One Norbi" Krasnodębski
38%
Oskar "Blecki" Lesiak
38%
Damian "Kalbar" Kalbarczyk
31%
Albert "Bercik" Ghambaryan
25%
Krystian "Krissu" Bartocha
19%

Rozkład punktacji

Percentyl według liczby udzielonych odpowiedzi

Procent ludzi z każdym wynikiem

Twoja historia wyników

Nie rozwiązałeś tego quizu